Szerdán délben a múzeum oszlopcsarnokából temetik Szalay Józsefet, a szegedi kultúra nagy halottját
Elmentve itt :
| Dokumentumtípus: | Cikk |
|---|---|
| Megjelent: |
1937-04-27
|
| Sorozat: | Délmagyarország
13 No. 94 |
| Kulcsszavak: | Szalay József, Nekrológ |
| Online Access: | http://dmarchiv.bibl.u-szeged.hu/40456 |
| LEADER | 00489nab a2200145 i 4500 | ||
|---|---|---|---|
| 001 | delm40456 | ||
| 005 | 20180927130029.0 | ||
| 008 | 180927s1937 hu o 0|| hun d | ||
| 040 | |a SZTE Délmagyarország Archívum |b hun | ||
| 041 | |a hun | ||
| 245 | 0 | 0 | |a Szerdán délben a múzeum oszlopcsarnokából temetik Szalay Józsefet, a szegedi kultúra nagy halottját |h [elektronikus dokumentum] |
| 260 | |c 1937-04-27 | ||
| 300 | |a 3-4 | ||
| 490 | 0 | |a Délmagyarország |v 13 No. 94 | |
| 695 | |a Szalay József, Nekrológ | ||